000 00541nam a2200181Ia 4500
008 090123s9999 xx 000 0 und d
082 _b22264
_a891.463/राजे
100 _aराजे नयना
245 _aआत्मसन्मान
250 _a0
260 _bनवचैतन्य प्रकाशन
300 _a133
600 _aराजे नयना
630 _aआत्मसन्मान
700 _aराजे नयना
730 _aआत्मसन्मान
942 _cBOOK
999 _c60336
_d60336